000 01278cam a22003737a 4500
003 CHAP
005 20220329142115.0
008 990630d1994 mx r 00110 eng d
010 _a78526
011 _a79498
035 _a89755
040 _cCHAP
090 _aFolleto 15379
100 0 0 _aBelaid, Abderrezak.
_911329
245 1 0 _aNutritive and economic value of triticale as a feed grain for poultry
_c/by Abderrezak Belaid
260 _aMéxico, D.F. :
_bCentro Internacional de Mejoramiento de Maíz y Trigo,
_c1994.
300 _a42 p. :
_bgráfs. ; tablas
410 2 1 _aCIMMYT
490 0 _aEconomics. Working paper
_v; 94-01
590 _aBATCH-UPD
_b10
_c20130110
_lUCH01
_h0214
590 _aBATCH-UPD
_b10
_c20130110
_lUCH01
_h1558
590 _aBATCH-UPD
_b10
_c20130410
_lUCH01
_h0955
590 _aBATCH-UPD
_b10
_c20130914
_lUCH01
_h0450
590 _aCONVERSION
_b10
_c20130109
_lUCH01
_h1343
650 1 4 _aAves de corral
_xAlimentación.
_98638
650 1 4 _aAves de corral
_xNutrición.
_98672
650 1 4 _aTriticale como forraje.
_9115235
810 2 1 _aCIMMYT
_923309
830 0 _aEconomics. Working paper
_v; 94-01
_935222
901 _aBK
905 _aAlejandra Carrasco M.
942 _cFOLL
949 _aFolleto 15379
_bBC
_cFOLL
_d897551
_eTS1
_i89755
_sb
999 _c78526
_d78526